000
00278nam a2200109Ia 4500
008
220120s9999||||xx |||||||||||||| ||und||
020
_a
7111827
100
_a
Godse, A.P
_9
1195
245
0
_a
Digital integrated circuits and applications
260
_b
Hongkong
300
_a
180p.
_b
0
999
_c
136579
_d
136579